000 00442nam a2200169Ia 4500
005 20250507125802.0
008 008 250505s9999 xx 000 0 kor d
037 _aAudio
040 _aEASL
_beng
_cEASL
041 _akor
_2eng
084 _aCD00114-123
_qEASL
245 0 _aHanguke muhyungmunhwajea = Korea Documentary
490 _vV. 1
650 _aKorean
942 _cAUD
_hCD00114-123
999 _c1313110
_d1313110